France A-Z - Statistics

General Stats
  • This quiz has been taken 38,366 times
    29,443 since last reset
  • The average score is 20 of 26
Answer Stats
Clue Answer % Correct
P Capital city Paris
98%
E Current currency Euro
97%
J French greeting: Bon____ jour
95%
N Most famous cathedral Notre Dame
94%
A Major mountain range Alps
93%
C Most famous film festival Cannes
92%
T Arc de ________ Triomphe
92%
S River flowing through the capital Seine
90%
G Beheading device Guillotine
88%
M Mediterranean port city, namesake of the national anthem Marseille
87%
W France won it in 1998 and 2018 World Cup
86%
Y Fashion designer: ____ Saint Laurent Yves
85%
H French luxury brand sharing its name with a Greek god Hermès
82%
B Region whose wines were "classified" in 1855 Bordeaux
77%
K Unit of mass in the "Système International" Kilogramme
76%
F Liberty, egality, __________ Fraternity
75%
X Roman numerals for the king who reigned 1643–1715 XIV
72%
I Art movement of Monet and Renoir {Impression}ism
70%
R What the Curies studied Radiation
68%
L France's longest river Loire
66%
O City which Joan of Arc helped to liberate Orléans
66%
U The Sorbonne is a .... University
61%
V Bloody WWI battle Verdun
55%
D "Count of Monte Cristo" author Dumas
52%
Z "J'accuse" he said, about anti-semitism Zola
34%
Q Third largest city in Brittany Quimper
28%
No matching quizzes found
Score Distribution
Percent of People with Each Score
Percentile by Number Answered
Your Score History
You have not taken this quiz since the last reset